00861nam a22002657a 45000010005000000030006000050050017000110080041000280200018000690400029000870500013001160820008001291000030001372450065001672500027002322600035002593000045002945050007003395200141003465210019004875210018005066500023005246500018005477000030005654874FISKH20250820090655.0241022b cb ||||| |||| 00| 0 eng d a9780590464383 aFISKHbengcFISKHdFISKH aPZ8.K869 a813 aKrensky, Stephend(1953-) aFraidy cats /cby Stephen Krensky Illustrated by Betsy Lewin aFirst printing in 1993 aNew York :bScholastic,c1993. a29 pages :bcolor illustrations ;c23 cm aJ  aOne dark and noisy night the Fraidy Cats let their imaginations run wild, visualizing scary things from wild elephants to hungry wolves.8 a480 bLexile 8 aJ bRaz-Plus  2FictionaHalloween 2BedtimeaFear aLewin, BetsydIllustrator